[Event "Mindsports Open 5th"]
[Site "London"]
[Date "2025.08.14"]
[Round "3.23"]
[White "Antolak, Julia"]
[Black "Allorant, Adrien"]
[Result "1/2-1/2"]
[WhiteElo "2280"]
[BlackElo "2042"]
[PlyCount "37"]
[EventDate "2025.08.13"]
[EventType "swiss"]
[EventRounds "9"]
[EventCountry "ENG"]
[SourceTitle "BritBase"]
[Source "John Saunders"]
[SourceDate "2025.08.18"]
[SourceVersion "1"]
[SourceVersionDate "2025.08.18"]
[SourceQuality "1"]

1. e4 c5 2. Nf3 g6 3. d4 cxd4 4. Nxd4 Nc6 5. c4 Nf6 6. Nc3 d6 7. Be2 Nxd4 8. Qxd4 Bg7 9. Be3 O-O 10. Qd2 Be6 11. f3 Qa5 12. O-O Rfc8 13. b3 a6 14. Rac1 b5 15. Nd5 Qxd2 16. Bxd2 Nxd5 17. cxd5 Bd4+ 18. Kh1 Bd7 19. Rxc8+ 1/2-1/2

[Event "Mindsports Open 5th"]
[Site "London"]
[Date "2025.08.14"]
[Round "3.24"]
[White "Larchikov, Maksym"]
[Black "Kiremitciyan, Ari"]
[Result "1/2-1/2"]
[WhiteElo "2037"]
[BlackElo "2271"]
[PlyCount "82"]
[EventDate "2025.08.13"]
[EventType "swiss"]
[EventRounds "9"]
[EventCountry "ENG"]
[SourceTitle "BritBase"]
[Source "John Saunders"]
[SourceDate "2025.08.18"]
[SourceVersion "1"]
[SourceVersionDate "2025.08.18"]
[SourceQuality "1"]

1. d4 d6 2. Nf3 Nf6 3. c4 g6 4. g3 Bg7 5. Bg2 c6 6. O-O O-O 7. Nc3 Bf5 8. Nh4 Be6 9. d5 cxd5 10. cxd5 Bd7 11. e4 Na6 12. Be3 Nc7 13. Re1 b5 14. h3 b4 15. Ne2 Nb5 16. Nd4 a5 17. Qd2 Nxd4 18. Bxd4 Rc8 19. f4 Bb5 20. Nf3 Qc7 21. a3 Qc2 22. axb4 Qxd2 23. Nxd2 Rc2 24. Rxa5 Rxd2 25. Bxf6 Bxf6 26. e5 Bg7 27. Rxb5 Rc8 28. Rb7 Bf8 29. Be4 Rxb2 30. Bf3 Rc3 31. Rf1 dxe5 32. Rf2 Rb1+ 33. Kg2 exf4 34. gxf4 Rc4 35. d6 exd6 36. Bd5 Rcxb4 37. Rxf7 Rb8 38. f5 R1b5 39. Be6 Kh8 40. fxg6 Rg5+ 41. Bg4 Bg7 1/2-1/2

[Event "Mindsports Open 5th"]
[Site "London"]
[Date "2025.08.14"]
[Round "3.25"]
[White "Lochte, Thomas"]
[Black "Collins, Adam"]
[Result "1-0"]
[WhiteElo "2023"]
[BlackElo "2221"]
[PlyCount "61"]
[EventDate "2025.08.13"]
[EventType "swiss"]
[EventRounds "9"]
[EventCountry "ENG"]
[SourceTitle "BritBase"]
[Source "John Saunders"]
[SourceDate "2025.08.18"]
[SourceVersion "1"]
[SourceVersionDate "2025.08.18"]
[SourceQuality "1"]

1. e4 c5 2. d4 cxd4 3. c3 dxc3 4. Nxc3 Nc6 5. Nf3 d6 6. Bc4 a6 7. O-O Nf6 8. Bg5 Bg4 9. Qb3 e6 10. Qxb7 Na5 11. Qb4 Nxc4 12. Qxc4 Qc8 13. Qe2 Be7 14. Rac1 Qb7 15. Rfd1 O-O 16. Rd2 Rfc8 17. Re1 Rab8 18. h3 Bh5 19. g4 Bg6 20. e5 dxe5 21. Nxe5 Bb4 22. Bxf6 gxf6 23. Nd7 Bxc3 24. bxc3 Rxc3 25. Nxf6+ Kh8 26. Qe5 Qc7 27. Rd6 Rf3 28. Nd5+ f6 29. Nxf6 Qg7 30. Rd7 Rb5 31. Rd8+ 1-0

[Event "Mindsports Open 5th"]
[Site "London"]
[Date "2025.08.14"]
[Round "3.26"]
[White "Verbytski, Oleg"]
[Black "Badacsonyi, Frankie"]
[Result "0-1"]
[WhiteElo "2001"]
[BlackElo "2193"]
[PlyCount "52"]
[EventDate "2025.08.13"]
[EventType "swiss"]
[EventRounds "9"]
[EventCountry "ENG"]
[SourceTitle "BritBase"]
[Source "John Saunders"]
[SourceDate "2025.08.18"]
[SourceVersion "1"]
[SourceVersionDate "2025.08.18"]
[SourceQuality "1"]

1. e4 c5 2. Nf3 d6 3. d4 cxd4 4. Nxd4 Nf6 5. Nc3 Nc6 6. Be2 e5 7. Nb3 Be7 8. Be3 O-O 9. O-O a5 10. a4 Be6 11. Bf3 Nb4 12. h3 Rc8 13. Rc1 d5 14. exd5 Nfxd5 15. Nxd5 Nxd5 16. Bd2 b6 17. Re1 Bf6 18. Be4 Qd7 19. Qf3 Nf4 20. Rcd1 Qxa4 21. Bxf4 exf4 22. Qxf4 Qb4 23. Re3 Rxc2 24. Rg3 Kh8 25. Nd4 Rc4 26. Rxg7 Bxg7 0-1

[Event "Mindsports Open 5th"]
[Site "London"]
[Date "2025.08.14"]
[Round "3.27"]
[White "Gurevich, Artem"]
[Black "Kapechun, Mikhailo"]
[Result "1-0"]
[WhiteElo "2183"]
[BlackElo "1985"]
[PlyCount "65"]
[EventDate "2025.08.13"]
[EventType "swiss"]
[EventRounds "9"]
[EventCountry "ENG"]
[SourceTitle "BritBase"]
[Source "John Saunders"]
[SourceDate "2025.08.18"]
[SourceVersion "1"]
[SourceVersionDate "2025.08.18"]
[SourceQuality "1"]

1. d4 Nf6 2. c4 e6 3. g3 c5 4. d5 exd5 5. cxd5 d6 6. Nc3 g6 7. Nf3 Bg7 8. Bg2 O-O 9. O-O Re8 10. Bf4 Na6 11. Re1 Nc7 12. e4 Bg4 13. h3 Bxf3 14. Bxf3 Qd7 15. a4 Rad8 16. Kg2 h6 17. Qc2 g5 18. Bd2 Qe7 19. Bg4 Nxg4 20. hxg4 a6 21. Nd1 b5 22. f3 b4 23. Ne3 Qf6 24. b3 Na8 25. Qd3 Qd4 26. Qxd4 Bxd4 27. Nf5 Bxa1 28. Rxa1 Nb6 29. Nxh6+ Kg7 30. Bxg5 Rd7 31. Nf5+ Kg6 32. Rh1 Kxg5 33. f4+ 1-0

[Event "Mindsports Open 5th"]
[Site "London"]
[Date "2025.08.14"]
[Round "3.28"]
[White "Hafstad, Leif"]
[Black "Roe, Simon J"]
[Result "0-1"]
[WhiteElo "1969"]
[BlackElo "2160"]
[PlyCount "114"]
[EventDate "2025.08.13"]
[EventType "swiss"]
[EventRounds "9"]
[EventCountry "ENG"]
[SourceTitle "BritBase"]
[Source "John Saunders"]
[SourceDate "2025.08.18"]
[SourceVersion "1"]
[SourceVersionDate "2025.08.18"]
[SourceQuality "1"]

1. e4 Nf6 2. e5 Nd5 3. c4 Nb6 4. d4 d6 5. exd6 exd6 6. Nc3 Be7 7. Be3 O-O 8. Bd3 Nc6 9. b3 Bf6 10. Nge2 Nb4 11. Bb1 c6 12. a3 Na6 13. Ne4 d5 14. Nxf6+ Qxf6 15. c5 Nd7 16. h4 Re8 17. Bg5 Qe6 18. Rh3 f6 19. Re3 Qf7 20. Qd3 Nf8 21. Rxe8 Qxe8 22. Bf4 Bg4 23. Kf1 Bh5 24. Ng3 Bg6 25. Qf3 Ne6 26. Be3 Nac7 27. Nf5 Bxf5 28. Qxf5 Nf8 29. h5 Qe6 30. Qf3 Re8 31. Bd3 Qf7 32. b4 Nb5 33. a4 Nc3 34. b5 Ne4 35. bxc6 bxc6 36. Rb1 f5 37. a5 Ne6 38. Rb4 Qf6 39. g3 Rf8 40. Kg2 f4 41. gxf4 Qf5 42. Be2 Nc3 43. Bf1 Ng5 44. Qg3 Qe4+ 45. Kh2 Nf3+ 46. Kh1 Nh4+ 47. Bg2 Nxg2 48. Qxg2 Qf5 49. Qf3 Ne4 50. Rb7 h6 51. a6 Nf6 52. Rxa7 Ng4 53. Rb7 Qxh5+ 54. Kg2 Qg6 55. Qg3 Qe4+ 56. Kh3 h5 57. a7 Qh1+ 0-1

[Event "Mindsports Open 5th"]
[Site "London"]
[Date "2025.08.14"]
[Round "3.29"]
[White "Pichugov, Andrey"]
[Black "Hng, Mei-En Emmanuelle"]
[Result "0-1"]
[WhiteElo "1968"]
[BlackElo "2132"]
[PlyCount "94"]
[EventDate "2025.08.13"]
[EventType "swiss"]
[EventRounds "9"]
[EventCountry "ENG"]
[SourceTitle "BritBase"]
[Source "John Saunders"]
[SourceDate "2025.08.18"]
[SourceVersion "1"]
[SourceVersionDate "2025.08.18"]
[SourceQuality "1"]

1. d4 Nf6 2. Bf4 e6 3. e3 c5 4. c3 Be7 5. Nd2 Nc6 6. h3 cxd4 7. exd4 O-O 8. Ngf3 d6 9. Be2 b6 10. O-O Bb7 11. Re1 Re8 12. Qc2 Rc8 13. Rad1 Qc7 14. Qb1 a6 15. a4 Bf8 16. Bd3 Ne7 17. Bh2 Ned5 18. Ng5 h6 19. Nge4 Qc6 20. Qa2 Nh5 21. Be2 Nhf4 22. Bf3 Qc7 23. Nf1 b5 24. axb5 axb5 25. Qb3 Bc6 26. Ne3 Nxe3 27. Rxe3 e5 28. Bxf4 exf4 29. Ree1 Qb7 30. Nd2 d5 31. Nb1 Qa8 32. Na3 b4 33. Nb1 Ba4 34. Qxd5 Qxd5 35. Bxd5 Bxd1 36. Rxd1 Re2 37. cxb4 Rxb2 38. Nd2 Rxb4 39. Nf3 Rd8 40. Bc6 Rc4 41. Bb5 Rb4 42. Bd3 g6 43. Bb1 Bc5 44. d5 Rb2 45. Ne5 Bxf2+ 46. Kh1 Rxd5 47. Nd3 Rxb1 0-1

[Event "Mindsports Open 5th"]
[Site "London"]
[Date "2025.08.14"]
[Round "3.30"]
[White "Lilliehook, Victor"]
[Black "Rahman, K Azizur"]
[Result "1-0"]
[WhiteElo "2106"]
[BlackElo "1921"]
[PlyCount "77"]
[EventDate "2025.08.13"]
[EventType "swiss"]
[EventRounds "9"]
[EventCountry "ENG"]
[SourceTitle "BritBase"]
[Source "John Saunders"]
[SourceDate "2025.08.18"]
[SourceVersion "1"]
[SourceVersionDate "2025.08.18"]
[SourceQuality "1"]

1. e4 c6 2. d4 d5 3. f3 e6 4. Nc3 Bb4 5. Bf4 dxe4 6. fxe4 Ne7 7. Nf3 b6 8. Bd3 Ba6 9. O-O Bxd3 10. Qxd3 O-O 11. Rad1 Nd7 12. Ne2 Nb8 13. h4 Bd6 14. e5 Bc7 15. Ng5 g6 16. Ne4 Nd7 17. Bg5 Qe8 18. Bh6 Nf5 19. Bxf8 Qxf8 20. g3 c5 21. c3 Rd8 22. Qf3 cxd4 23. cxd4 Qe7 24. Rd2 b5 25. Rfd1 Nb6 26. Nf6+ Kg7 27. b3 Nd5 28. Nxd5 Rxd5 29. Nf4 Rd8 30. Kh2 Ba5 31. Rd3 Qc7 32. Qe2 Bc3 33. Qc2 b4 34. Ne2 Rc8 35. Rc1 Qb6 36. Nxc3 Nxd4 37. Qf2 Nb5 38. Qxb6 axb6 39. Ne2 1-0

[Event "Mindsports Open 5th"]
[Site "London"]
[Date "2025.08.14"]
[Round "3.31"]
[White "Kovacs, Zoltan"]
[Black "Udovenko, Daniel"]
[Result "0-1"]
[WhiteElo "2086"]
[BlackElo "1870"]
[PlyCount "37"]
[EventDate "2025.08.13"]
[EventType "swiss"]
[EventRounds "9"]
[EventCountry "ENG"]
[SourceTitle "BritBase"]
[Source "John Saunders"]
[SourceDate "2025.08.18"]
[SourceVersion "1"]
[SourceVersionDate "2025.08.18"]
[SourceQuality "1"]

1. d4 Nf6 2. Bg5 d5 3. Bxf6 exf6 4. e3 c6 5. c4 Be7 6. cxd5 cxd5 7. Nc3 Be6 8. g3 O-O 9. Bg2 Qd7 10. Nge2 Na6 11. O-O Nc7 12. Qb3 f5 13. Nf4 Rfd8 14. Rfc1 b6 15. Rc2 Bf8 16. Rac1 Rab8 17. Bf1 Rb7 18. Nd3 f6 19. Na4 0-1

[Event "Mindsports Open 5th"]
[Site "London"]
[Date "2025.08.14"]
[Round "3.32"]
[White "Steiners, Emils"]
[Black "Pereslavtsev, Alexandr"]
[Result "1/2-1/2"]
[WhiteElo "1933"]
[BlackElo "2079"]
[PlyCount "116"]
[EventDate "2025.08.13"]
[EventType "swiss"]
[EventRounds "9"]
[EventCountry "ENG"]
[SourceTitle "BritBase"]
[Source "John Saunders"]
[SourceDate "2025.08.18"]
[SourceVersion "1"]
[SourceVersionDate "2025.08.18"]
[SourceQuality "1"]

1. e4 c5 2. Nf3 e6 3. d4 cxd4 4. Nxd4 Nc6 5. Be3 Nf6 6. Bd3 d5 7. exd5 Nxd5 8. Nxc6 bxc6 9. O-O Bd6 10. Qg4 O-O 11. Bg5 Qc7 12. Qh4 f5 13. Bd2 Nf4 14. Bxf4 Bxf4 15. g3 Be5 16. c3 Rb8 17. b3 c5 18. f3 Rf6 19. Rf2 Bd7 20. Qh3 Rg6 21. Qf1 h5 22. Qh3 Be8 23. Kh1 Bc6 24. Bf1 Rd8 25. Be2 f4 26. gxf4 Bxf4 27. Na3 Qa5 28. Nc4 Qxc3 29. Rg1 Rxg1+ 30. Kxg1 Bd5 31. Qxh5 Qa1+ 32. Kg2 Qf6 33. h4 g6 34. Qg4 Kg7 35. Rf1 e5 36. h5 g5 37. h6+ Qxh6 38. Rh1 Qg6 39. Kf2 Bxc4 40. bxc4 Rd2 41. Qc8 Rxe2+ 42. Kxe2 Qc2+ 43. Kf1 Qd3+ 44. Kf2 Qe3+ 45. Kf1 Qxf3+ 46. Kg1 Qg3+ 47. Kf1 Qd3+ 48. Kg1 Qb1+ 49. Kf2 Qxa2+ 50. Kf3 Qb3+ 51. Kg4 Qg3+ 52. Kf5 Qd3+ 53. Kg4 Qe2+ 54. Kf5 Qc2+ 55. Kg4 Qg2+ 56. Kf5 Qc2+ 57. Kg4 Qg2+ 58. Kf5 Qc2+ 1/2-1/2

[Event "Mindsports Open 5th"]
[Site "London"]
[Date "2025.08.14"]
[Round "3.33"]
[White "Zakarian, Dimitrios Levon"]
[Black "Choong, Han-Sen"]
[Result "1-0"]
[WhiteElo "2079"]
[BlackElo "1836"]
[PlyCount "75"]
[EventDate "2025.08.13"]
[EventType "swiss"]
[EventRounds "9"]
[EventCountry "ENG"]
[SourceTitle "BritBase"]
[Source "John Saunders"]
[SourceDate "2025.08.18"]
[SourceVersion "1"]
[SourceVersionDate "2025.08.18"]
[SourceQuality "1"]

1. e4 c5 2. Nc3 e6 3. f4 Nc6 4. Nf3 a6 5. d3 b5 6. g3 Bb7 7. Bg2 b4 8. Ne2 Nf6 9. O-O Qb6 10. Kh1 Nd4 11. Be3 Nxf3 12. Bxf3 d5 13. exd5 Nxd5 14. Qd2 Ne7 15. Ng1 Nf5 16. Rae1 Rd8 17. Qg2 Bxf3 18. Nxf3 h5 19. Bg1 Bd6 20. Ne5 h4 21. Nc4 Qc7 22. Qe4 Be7 23. g4 Nd4 24. Bxd4 Rxd4 25. Qf3 Rh6 26. g5 Rh8 27. g6 Rh6 28. gxf7+ Kxf7 29. f5 Rf6 30. Rxe6 Rd8 31. Rfe1 Bf8 32. Ne5+ Kg8 33. Ng4 Rf7 34. Rg1 Kh8 35. Ne5 Rdd7 36. Ng6+ Kg8 37. Qh5 Qb7+ 38. Re4 1-0

[Event "Mindsports Open 5th"]
[Site "London"]
[Date "2025.08.14"]
[Round "3.34"]
[White "Hng, Mei-Xian Eunice"]
[Black "Zhou, Yang-Fan"]
[Result "1/2-1/2"]
[WhiteElo "2052"]
[BlackElo "2406"]
[PlyCount "52"]
[EventDate "2025.08.13"]
[EventType "swiss"]
[EventRounds "9"]
[EventCountry "ENG"]
[SourceTitle "BritBase"]
[Source "John Saunders"]
[SourceDate "2025.08.18"]
[SourceVersion "1"]
[SourceVersionDate "2025.08.18"]
[SourceQuality "1"]

1. e4 c5 2. d4 cxd4 3. c3 Nf6 4. e5 Nd5 5. Qxd4 e6 6. Bd3 Nc6 7. Qe4 f5 8. exf6 Nxf6 9. Qh4 d5 10. Nf3 Bd6 11. Bg6+ Ke7 12. Bc2 e5 13. Bg5 Kf8 14. O-O h6 15. c4 d4 16. Nbd2 Be6 17. a3 Kf7 18. Bxf6 Qxf6 19. Qg3 e4 20. Qxd6 exf3 21. Qc7+ Qe7 22. Qf4+ Qf6 23. Qc7+ Qe7 24. Qf4+ Qf6 25. Qc7+ Qe7 26. Qf4+ Qf6 1/2-1/2

[Event "Mindsports Open 5th"]
[Site "London"]
[Date "2025.08.14"]
[Round "3.35"]
[White "Bin-Suhayl, Ieysaa"]
[Black "Sanitt, Ethan"]
[Result "1-0"]
[WhiteElo "2217"]
[BlackElo "2033"]
[PlyCount "137"]
[EventDate "2025.08.13"]
[EventType "swiss"]
[EventRounds "9"]
[EventCountry "ENG"]
[SourceTitle "BritBase"]
[Source "John Saunders"]
[SourceDate "2025.08.18"]
[SourceVersion "1"]
[SourceVersionDate "2025.08.18"]
[SourceQuality "1"]

1. d4 Nf6 2. c4 c5 3. d5 b5 4. cxb5 a6 5. bxa6 g6 6. Nc3 Bg7 7. e4 O-O 8. a7 Rxa7 9. Nf3 Qa5 10. Bd2 Qb4 11. Qc2 Rb7 12. e5 Re8 13. exf6 exf6+ 14. Kd1 Qxb2 15. Qxb2 Rxb2 16. Kc1 Rb6 17. a4 Ba6 18. a5 Rb4 19. Rb1 f5 20. Rxb4 cxb4 21. Na4 b3 22. Kb1 h6 23. Nc5 Rc8 24. Nxb3 Bb7 25. Bd3 Bxd5 26. Rc1 Nc6 27. Bc4 Be4+ 28. Ka2 Rb8 29. Bc3 Nb4+ 30. Kb2 d5 31. Bf1 Nc6 32. Bxg7 Nxa5 33. Nfd4 Kxg7 34. f3 Nc4+ 35. Bxc4 dxc4 36. fxe4 cxb3 37. exf5 gxf5 38. Nxf5+ Kg6 39. Nd4 Rb4 40. Nxb3 Rh4 41. h3 Rf4 42. Rc2 Kg5 43. Kc3 Kh4 44. Nd4 Rf1 45. Kd3 Kg3 46. Ke3 f5 47. Re2 h5 48. Nf3 Rd1 49. Nd4 Rf1 50. Rd2 Re1+ 51. Kd3 Rf1 52. Kc4 f4 53. Nf5+ Kh2 54. Kd4 f3 55. gxf3+ Kxh3 56. Ke4 h4 57. Rd8 Ra1 58. Kf4 Ra4+ 59. Rd4 Ra8 60. Rd1 Ra4+ 61. Kg5 Ra5 62. f4 Kg2 63. Kg4 h3 64. Rd2+ Kg1 65. Nh4 Ra3 66. Nf3+ Kf1 67. Rh2 Ra8 68. Rxh3 Kf2 69. Ng5 1-0

[Event "Mindsports Open 5th"]
[Site "London"]
[Date "2025.08.14"]
[Round "3.36"]
[White "Sofronie, Vladimir"]
[Black "White, Chris"]
[Result "1-0"]
[WhiteElo "2313"]
[BlackElo "1817"]
[PlyCount "55"]
[EventDate "2025.08.13"]
[EventType "swiss"]
[EventRounds "9"]
[EventCountry "ENG"]
[SourceTitle "BritBase"]
[Source "John Saunders"]
[SourceDate "2025.08.18"]
[SourceVersion "1"]
[SourceVersionDate "2025.08.18"]
[SourceQuality "1"]

1. d4 c5 2. d5 d6 3. Nc3 e6 4. e4 exd5 5. exd5 Nf6 6. Be2 Be7 7. h3 O-O 8. Nf3 Na6 9. O-O Nc7 10. a4 b6 11. Nh2 a6 12. Ng4 Bb7 13. Ne3 b5 14. axb5 axb5 15. Rxa8 Qxa8 16. Nxb5 Nxb5 17. Bxb5 Nxd5 18. Nf5 Bf6 19. Nxd6 Nc3 20. bxc3 Bxg2 21. Re1 Bxh3 22. Ne4 Bxc3 23. Re3 Rd8 24. Qf3 Bd4 25. Ra3 Qb7 26. Nf6+ Bxf6 27. Qxb7 Rd1+ 28. Kh2 1-0

[Event "Mindsports Open 5th"]
[Site "London"]
[Date "2025.08.14"]
[Round "3.37"]
[White "Fitzsimons, David"]
[Black "Bevis, Noah"]
[Result "1-0"]
[WhiteElo "2308"]
[BlackElo "1966"]
[PlyCount "89"]
[EventDate "2025.08.13"]
[EventType "swiss"]
[EventRounds "9"]
[EventCountry "ENG"]
[SourceTitle "BritBase"]
[Source "John Saunders"]
[SourceDate "2025.08.18"]
[SourceVersion "1"]
[SourceVersionDate "2025.08.18"]
[SourceQuality "1"]

1. e4 c5 2. Nf3 Nc6 3. Bb5 e6 4. O-O Nge7 5. Re1 a6 6. Bf1 d5 7. exd5 Nxd5 8. d4 Nf6 9. Be3 Be7 10. c4 cxd4 11. Nxd4 Nxd4 12. Bxd4 Bd7 13. Nc3 O-O 14. Qd3 Bc6 15. Rad1 Qc7 16. Be5 Qb6 17. Qg3 Nh5 18. Qh3 g6 19. Be2 Ng7 20. a3 Rad8 21. b4 Rxd1 22. Bxd1 f6 23. c5 Qd8 24. Bf4 e5 25. Bb3+ Kh8 26. Bh6 Qc8 27. Bxg7+ Kxg7 28. Be6 Qc7 29. Bd5 f5 30. Qe3 Bf6 31. a4 Rd8 32. Rd1 Bxd5 33. Rxd5 Rxd5 34. Nxd5 Qd7 35. Qb3 Bd8 36. b5 axb5 37. axb5 f4 38. Qd3 Qe6 39. Qe4 Kf7 40. h3 Be7 41. Nxe7 Qxe7 42. Qd5+ Kf6 43. f3 Kg5 44. b6 Kh4 45. Qd6 1-0

[Event "Mindsports Open 5th"]
[Site "London"]
[Date "2025.08.14"]
[Round "3.38"]
[White "Bonn, Thomas"]
[Black "Golub, Nikolina"]
[Result "1-0"]
[WhiteElo "2173"]
[BlackElo "1933"]
[PlyCount "85"]
[EventDate "2025.08.13"]
[EventType "swiss"]
[EventRounds "9"]
[EventCountry "ENG"]
[SourceTitle "BritBase"]
[Source "John Saunders"]
[SourceDate "2025.08.18"]
[SourceVersion "1"]
[SourceVersionDate "2025.08.18"]
[SourceQuality "1"]

1. e4 c5 2. Nf3 d6 3. d4 cxd4 4. Nxd4 Nf6 5. Nc3 g6 6. f3 h5 7. Bc4 Nc6 8. Bb3 Bd7 9. Be3 Bg7 10. Qd2 a6 11. O-O-O O-O 12. Rhe1 Na5 13. Kb1 Rc8 14. Nd5 Nxb3 15. Nxb3 Nxd5 16. exd5 Bf5 17. Rc1 Qc7 18. h3 Bd7 19. g4 hxg4 20. hxg4 e6 21. Bh6 Qd8 22. Bxg7 Kxg7 23. Rh1 Rh8 24. Rxh8 Qxh8 25. dxe6 Bxe6 26. Qxd6 Bxb3 27. Qd4+ f6 28. axb3 Qd8 29. Qe4 Rc7 30. Rh1 Rd7 31. b4 Rd1+ 32. Rxd1 Qxd1+ 33. Ka2 Qd7 34. Ka3 b5 35. b3 Qd1 36. Kb2 Qd6 37. Kc3 Qd1 38. Kb2 Qd6 39. f4 Qd7 40. g5 fxg5 41. Qe5+ Kh6 42. Qh8+ Qh7 43. fxg5+ 1-0

[Event "Mindsports Open 5th"]
[Site "London"]
[Date "2025.08.14"]
[Round "3.39"]
[White "Kilambi, Venkata Ananth Aksh"]
[Black "Kolani, Arjun"]
[Result "0-1"]
[WhiteElo "1936"]
[BlackElo "2118"]
[PlyCount "114"]
[EventDate "2025.08.13"]
[EventType "swiss"]
[EventRounds "9"]
[EventCountry "ENG"]
[SourceTitle "BritBase"]
[Source "John Saunders"]
[SourceDate "2025.08.18"]
[SourceVersion "1"]
[SourceVersionDate "2025.08.18"]
[SourceQuality "1"]

1. Nf3 Nf6 2. b3 d5 3. Bb2 e6 4. c4 Be7 5. e3 b6 6. Nc3 Bb7 7. Be2 O-O 8. O-O Nbd7 9. d4 Ne4 10. Rc1 f5 11. cxd5 exd5 12. Ne5 Nxc3 13. Rxc3 Bd6 14. Rc2 Qe7 15. Qc1 Rac8 16. Bb5 Nf6 17. Bc6 Bxc6 18. Nxc6 Qf7 19. Ne5 Qh5 20. Ba3 c5 21. f4 Ne4 22. dxc5 bxc5 23. Nd7 Rf7 24. Ne5 Bxe5 25. fxe5 Rfc7 26. Rd1 Qf7 27. Qb2 a5 28. Rcc1 Qe6 29. Qa1 Re8 30. Bb2 Qh6 31. Re1 f4 32. exf4 Qxf4 33. Rc2 Rc6 34. Qd1 d4 35. Qf3 Qxf3 36. gxf3 Ng5 37. Kg2 Rf8 38. Rf1 d3 39. Rd2 Ne6 40. Kf2 c4 41. bxc4 Rxc4 42. Ke3 Nf4 43. Rc1 Rxc1 44. Bxc1 g5 45. Bb2 Kf7 46. h4 h6 47. hxg5 hxg5 48. Rh2 Rc8 49. Bd4 a4 50. Rb2 a3 51. Rd2 Rc2 52. Bb6 Nd5+ 53. Kxd3 Rxd2+ 54. Kxd2 Nxb6 55. Kd3 Ke6 56. f4 gxf4 57. Ke4 Nd5 0-1

[Event "Mindsports Open 5th"]
[Site "London"]
[Date "2025.08.14"]
[Round "3.40"]
[White "Lishoy Gengis Paratazham, Dildarav"]
[Black "Leung, Hao Ran"]
[Result "1/2-1/2"]
[WhiteElo "2093"]
[BlackElo "1915"]
[PlyCount "75"]
[EventDate "2025.08.13"]
[EventType "swiss"]
[EventRounds "9"]
[EventCountry "ENG"]
[SourceTitle "BritBase"]
[Source "John Saunders"]
[SourceDate "2025.08.18"]
[SourceVersion "1"]
[SourceVersionDate "2025.08.18"]
[SourceQuality "1"]

1. Nf3 c5 2. g3 Nc6 3. Bg2 g6 4. e4 Bg7 5. O-O d6 6. d3 e6 7. c3 Nf6 8. a4 O-O 9. h3 e5 10. Re1 Re8 11. Nbd2 h6 12. b3 Be6 13. Ba3 Qd7 14. Kh2 a6 15. Nc4 Qd8 16. Ne3 b5 17. Rb1 Rc8 18. Qd2 Qa5 19. c4 Qxd2 20. Nxd2 Nd4 21. Nf3 b4 22. Bc1 Kh7 23. Bd2 a5 24. Nd5 Nd7 25. Ng1 Nb8 26. Ne2 Nbc6 27. Nxd4 Nxd4 28. Rec1 f5 29. Ne3 f4 30. Nc2 Rf8 31. Nxd4 fxg3+ 32. fxg3 exd4 33. Rf1 g5 34. Bf3 Kg6 35. Bg4 Rxf1 36. Rxf1 Bxg4 37. hxg4 Be5 38. Rf5 1/2-1/2

[Event "Mindsports Open 5th"]
[Site "London"]
[Date "2025.08.14"]
[Round "3.41"]
[White "Sachdeva, Ronit"]
[Black "Sajanani, Vikas"]
[Result "1-0"]
[WhiteElo "2058"]
[BlackElo "1892"]
[PlyCount "113"]
[EventDate "2025.08.13"]
[EventType "swiss"]
[EventRounds "9"]
[EventCountry "ENG"]
[SourceTitle "BritBase"]
[Source "John Saunders"]
[SourceDate "2025.08.18"]
[SourceVersion "1"]
[SourceVersionDate "2025.08.18"]
[SourceQuality "1"]

1. d4 Nf6 2. c4 e6 3. g3 c5 4. d5 b5 5. dxe6 fxe6 6. Bg2 d5 7. cxd5 Bb7 8. e4 Nbd7 9. Nc3 exd5 10. Nxd5 Nxd5 11. exd5 Nb6 12. Qe2+ Qe7 13. Bg5 Qxe2+ 14. Nxe2 Bxd5 15. Bxd5 Nxd5 16. O-O-O Nf6 17. Nc3 a6 18. Nd5 Kf7 19. Bxf6 gxf6 20. Nc7 Ra7 21. Rd7+ Kg6 22. Kc2 Bh6 23. Re1 Rg8 24. Re6 a5 25. Rdd6 Bf8 26. Rc6 Rb7 27. Rxf6+ Kg7 28. Nd5 Rd7 29. Ne3 Kh8 30. Nf5 c4 31. Rc8 Bc5 32. Rxc5 Rgd8 33. Rxb5 Rd2+ 34. Kc3 Rd1 35. Rxa5 Rc1+ 36. Kb4 Rc2 37. Ka3 Rb8 38. Rb6 Rf8 39. g4 Rxf2 40. Rba6 Rb8 41. Ra8 Rfxb2 42. Rxb8+ Rxb8 43. Rc5 h5 44. Rxc4 Rf8 45. h3 Kh7 46. Kb3 hxg4 47. hxg4 Kg6 48. a4 Kg5 49. a5 Rb8+ 50. Rb4 Ra8 51. Ra4 Rb8+ 52. Ka3 Rb1 53. a6 Ra1+ 54. Kb4 Rxa4+ 55. Kxa4 Kxg4 56. a7 Kxf5 57. a8=Q 1-0

[Event "Mindsports Open 5th"]
[Site "London"]
[Date "2025.08.14"]
[Round "3.42"]
[White "Richards, Alexander"]
[Black "Lee, Kah Meng Elgin"]
[Result "1-0"]
[WhiteElo "1860"]
[BlackElo "2036"]
[PlyCount "71"]
[EventDate "2025.08.13"]
[EventType "swiss"]
[EventRounds "9"]
[EventCountry "ENG"]
[SourceTitle "BritBase"]
[Source "John Saunders"]
[SourceDate "2025.08.18"]
[SourceVersion "1"]
[SourceVersionDate "2025.08.18"]
[SourceQuality "1"]

1. c4 f5 2. e3 Nf6 3. Nc3 d6 4. d4 g6 5. h4 Bg7 6. Be2 O-O 7. Nh3 c6 8. Qb3 Qe8 9. h5 e5 10. hxg6 Qxg6 11. Bd2 c5 12. Bf3 Na6 13. dxe5 dxe5 14. O-O-O Rb8 15. Nb5 Ne4 16. Bxe4 fxe4 17. Rh2 Be6 18. Qc2 Rfd8 19. Rhh1 Rd3 20. f3 Rbd8 21. Nf2 Qxg2 22. Nxd3 exd3 23. Qb3 Qxf3 24. Na3 Nc7 25. Rdf1 Qe4 26. Qa4 a6 27. Qa5 Rd7 28. Qxc5 Rf7 29. Rhg1 Ne8 30. Rxf7 Kxf7 31. Rf1+ Kg8 32. Rg1 Kf7 33. Rf1+ Kg8 34. Qe7 Qg6 35. Bb4 Bh3 36. Rf8+ 1-0

[Event "Mindsports Open 5th"]
[Site "London"]
[Date "2025.08.14"]
[Round "3.43"]
[White "Bansal, Saahil"]
[Black "Li, Harvey"]
[Result "1-0"]
[WhiteElo "1979"]
[BlackElo "1870"]
[PlyCount "99"]
[EventDate "2025.08.13"]
[EventType "swiss"]
[EventRounds "9"]
[EventCountry "ENG"]
[SourceTitle "BritBase"]
[Source "John Saunders"]
[SourceDate "2025.08.18"]
[SourceVersion "1"]
[SourceVersionDate "2025.08.18"]
[SourceQuality "1"]

1. d4 e6 2. c4 d5 3. Nc3 Nf6 4. Bg5 Be7 5. cxd5 exd5 6. Qc2 h6 7. Bh4 b6 8. e3 Bb7 9. Bd3 Nbd7 10. Nf3 a6 11. O-O O-O 12. Rac1 Re8 13. Rfd1 Nf8 14. Qb1 Nh5 15. Bxe7 Qxe7 16. b4 Ne6 17. Ne5 Nf6 18. Ne2 c5 19. bxc5 bxc5 20. dxc5 Rab8 21. c6 Ba8 22. Qc2 Nc7 23. Nd7 Rb4 24. a3 Rh4 25. Nd4 Qd6 26. g3 Rh5 27. Be2 Rh3 28. Nxf6+ Qxf6 29. Bg4 Rh4 30. gxh4 Qxh4 31. Qe2 h5 32. Bd7 Re5 33. f4 Re4 34. Rb1 g6 35. Rb8+ Kh7 36. Rc8 Qe7 37. Rxc7 Rxe3 38. Be6 Qxc7 39. Qxe3 fxe6 40. Nxe6 Qxc6 41. Ng5+ Kh6 42. Qd4 Qc8 43. h3 a5 44. Qa7 Bb7 45. Rb1 Qc3 46. Rxb7 Qg3+ 47. Kh1 Qe1+ 48. Qg1 Qxg1+ 49. Kxg1 d4 50. Rh7# 1-0